| 000 | 00931cab a2200289 4500 | ||
|---|---|---|---|
| 001 | WB3418-21 | ||
| 008 | 090401t1998 xxu||||| |||| 00| 0 eng d | ||
| 035 | _a(Sirsi) u86128 | ||
| 041 | _aeng | ||
| 245 | _aShop conversions | ||
| 260 | _c1998 | ||
| 350 | _a0 | ||
| 490 |
_aSunday Business _v10 May 1998, 26 |
||
| 490 |
_aProperty Week _v63(4) 8 May 1998, 18(3) |
||
| 520 | _aLPAC, London`s strategic planning body is assessing how many shops in the capital could be converted to residential use. Research so far shows that market for former shops is growing, although many people may be put off by planning problems. | ||
| 650 | _aALTERNATIVE USES | ||
| 650 | _aFLATS ABOVE SHOPS | ||
| 650 | _aLIVING OVER THE SHOP | ||
| 650 | _aLONDON | ||
| 650 | _aLPAC | ||
| 650 | _aRESIDENTIAL USE | ||
| 650 | _aSHOP CONVERSIONS | ||
| 650 | _aSHOPS | ||
| 690 | _aHOUSING-DEVELOPMENT | ||
| 942 | _n0 | ||
| 948 | _c12/05/1998 | ||
| 999 |
_c54181 _d54181 |
||